Statystyki dla Wszystkie nagrody na Mistrzostwach Świata 2022 w Katarze

Kliknij tutaj aby rozwiązać quiz!

Ogólne statystyki

  • Ten quiz został rozwiązany 92 razy
  • Średni wynik to 4 z 5

Statystyki odpowiedzi

NagrodaZawodnik/Reprezentacja% Poprawnych
Złota PiłkaLionel Messi
100%
Złoty butKylian Mbappé
95%
Złota RękawicaEmiliano Martínez
88%
Najlepszy Młody ZawodnikEnzo Fernández
62%
FIFA Fair PlayAnglia
29%

Rozkład punktacji

Percentyl według liczby udzielonych odpowiedzi

Procent ludzi z każdym wynikiem

Twoja historia wyników

Nie rozwiązałeś tego quizu